A history of the Middle East : from antiquity to the present day / (Record no. 673)
| 000 -LEADER | |
|---|---|
| fixed length control field | 00947cam a22002777a 4500 |
| 001 - CONTROL NUMBER | |
| control field | 16526642 |
| 003 - CONTROL NUMBER IDENTIFIER | |
| control field | OSt |
| 005 - DATE AND TIME OF LATEST TRANSACTION | |
| control field | 20140116120835.0 |
| 008 - FIXED-LENGTH DATA ELEMENTS--GENERAL INFORMATION | |
| fixed length control field | 101101s2010 enk b 000 0 eng d |
| 020 ## - INTERNATIONAL STANDARD BOOK NUMBER | |
| International Standard Book Number | 978185962207 |
| 040 ## - CATALOGING SOURCE | |
| Transcribing agency | UKM |
| 041 1# - LANGUAGE CODE | |
| Language code of text/sound track or separate title | eng |
| Language code of original and/or intermediate translations of text | fre |
| 050 00 - LIBRARY OF CONGRESS CALL NUMBER | |
| Classification number | DS62.C67 2007 |
| 100 1# - MAIN ENTRY--PERSONAL NAME | |
| Personal name | Corm, Georges. |
| 245 12 - TITLE STATEMENT | |
| Title | A history of the Middle East : from antiquity to the present day / |
| Statement of responsibility, etc | Georges Corm . |
| 260 ## - PUBLICATION, DISTRIBUTION, ETC. (IMPRINT) | |
| Place of publication, distribution, etc | Reading : |
| Name of publisher, distributor, etc | Garnet Publishing , |
| Date of publication, distribution, etc | 2010. |
| 300 ## - PHYSICAL DESCRIPTION | |
| Extent | 229 p. |
| 504 ## - BIBLIOGRAPHY, ETC. NOTE | |
| Bibliography, etc | Includes bibliographical references. |
| 505 ## - FORMATTED CONTENTS NOTE | |
| Formatted contents note | Arabesques of geography and history-- The Modern Middle East-- How to address the complexity of the Middle East |
| 651 #0 - SUBJECT ADDED ENTRY--GEOGRAPHIC NAME | |
| Geographic name | Middle East |
| General subdivision | History. |
| 651 #0 - SUBJECT ADDED ENTRY--GEOGRAPHIC NAME | |
| Geographic name | Middle East |
| General subdivision | Relations |
| Geographic subdivision | Europe. |
| 651 #0 - SUBJECT ADDED ENTRY--GEOGRAPHIC NAME | |
| Geographic name | Europe |
| General subdivision | Relations |
| Geographic subdivision | Middle East. |
| 906 ## - LOCAL DATA ELEMENT F, LDF (RLIN) | |
| a | 7 |
| b | cbc |
| c | copycat |
| d | 2 |
| e | ncip |
| f | 20 |
| g | y-gencatlg |
| 942 ## - ADDED ENTRY ELEMENTS (KOHA) | |
| Source of classification or shelving scheme | |
| Koha item type | Book |
| Withdrawn status | Lost status | Source of classification or shelving scheme | Damaged status | Not for loan | Home library | Current library | Date acquired | Source of acquisition | Total Checkouts | Full call number | Barcode | Date last seen | Date checked out | Copy number | Price effective from | Koha item type |
|---|---|---|---|---|---|---|---|---|---|---|---|---|---|---|---|---|
| Riara University Library | Riara University Library | 26/10/2011 | Purchase | 2 | DS62.C67 2007 | 1738/11 | 30/09/2017 | 14/09/2017 | C.1 | 26/10/2011 | Book | |||||
| Riara University Library | Riara University Library | 26/10/2011 | Purchase | 3 | DS62.C67 2007 | 1740/11 | 12/10/2017 | 28/09/2017 | C.2 | 26/10/2011 | Book | |||||
| Riara University Library | Riara University Library | 26/10/2011 | Purchase | 1 | DS62.C67 2007 | 1739/11 | 28/09/2017 | 27/09/2017 | C.3 | 26/10/2011 | Book |
